| 000 | 02476nam a22002657a 4500 | ||
|---|---|---|---|
| 001 | 1916 | ||
| 003 | FISKH | ||
| 005 | 20260409112119.0 | ||
| 008 | 231010b cb ||||| |||| 00| 0 khr d | ||
| 020 | _a9789996305054 | ||
| 040 |
_aFISKH _beng _cFISKH _dFISKH |
||
| 082 | _a320.1 | ||
| 100 | _aSaint-Exupery, Antoine de | ||
| 245 |
_aព្រះអង្គម្ចាស់តូច / _cអង់ទ័ន ដឺ សាំងតិចស៊ុយប៉េរី រួមជាមួយគំនូរអ្នកនិពន្ធ |
||
| 260 |
_aPhnom Penh : _bSipar, _c2014. |
||
| 300 |
_a98 pages : _bcolor illustrations ; _c18 cm |
||
| 505 | _aZ' | ||
| 520 | _aនោះហើយជាមូលហេតុដែលខ្ញុំរស់នៅតែម្នាក់ឯងដោយគ្មានអ្នកណាម្នាក់និយាយជាមួយខ្ញុំអំពីអ្វីដែលខ្ញុំចង់និយាយរហូតដល់យន្តហោះបានធ្លាក់នៅវាលខ្សាច់សាហារ៉ាកាលពីប្រាំមួយឆ្នាំមុនដោយសារតែម៉ាស៊ីនខូច។ ដោយគ្មានមេកានិច គ្មានអ្នកដំណើរ ខ្ញុំព្យាយាមជួសជុលវាដោយខ្លួនឯង។ វាជាបញ្ហាក្នុងជីវិតរបស់ខ្ញុំ ព្រោះខ្ញុំបានទឹកសម្រាប់ផឹកជិតប្រាំបីថ្ងៃហើយ។ ការពិតទាំងនេះមាននៅក្នុងប្រលោមលោក "ព្រះអង្គម្ចាស់តូច" ។ | ||
| 520 | _aThat’s why I live alone without anyone talking to me about what I want to talk until the plane crashed in the Sahara Desert six years ago due to a broken engine. Without mechanics, no passengers, I tried to fix it myself. It’s a matter of my life because I have had water to drink for almost eight days. These facts are in the novel ‘The little Prince’. | ||
| 521 | 8 |
_a920
_bLexile estimate |
|
| 521 | 8 |
_aZ'
_bRaz-Plus |
|
| 650 |
_aព្រះអង្គម្ចាស់តូច _vជីវិតដ៏ពិបាក _xដីខ្សាច់ |
||
| 650 |
_aLittle prince _vDifficult life _xSand |
||
| 942 |
_2ddc _cKHB _n0 |
||
| 999 |
_c1916 _d1916 |
||